Score 0/30 Timer 05:00
2 Plays Today
% Correct
West
99.3%
Friday
99%
South America
98.4%
Sneezy
96.9%
Indian
96.7%
Christmas
96.4%
Ohio
96.3%
Fencing
95.6%
Jefferson
95.1%
John
94.3%
Maple Leafs
93.9%
Radon
93.8%
Crystal Skull
92.5%
Cupid
92.2%
Rome
92.1%
% Correct
Challenger
91.5%
Human Torch
91%
Newfoundland
90.4%
Huron
89.9%
Abbey Road
88.9%
Michael
85.9%
Zeppo
85.3%
Athena
84.1%
Leonard
82.8%
Charlie
79.2%
Katniss
73.4%
Peace
69.5%
Handy
69.4%
Juno
61%
Palin
60.1%
Come Together.
Have Fun.
All Virtual.
We all need to come together. Play Sporcle's virtual live trivia to have fun, connect with people, and get your trivia on. Join a live hosted trivia game for your favorite pub trivia experience done virtually. If a virtual private party is more your thing, go here for details.

You're not logged in!

Compare scores with friends on all Sporcle quizzes.
OR
Log In

Sporcle TV

Today on Sporcle TV


Watch our educational content, quiz creation guides, and fun videos on Sporcle TV.

Show Comments

Extras

Top Quizzes Today


Score Distribution

Paid Content

Your Account Isn't Verified!

In order to create a playlist on Sporcle, you need to verify the email address you used during registration. Go to your Sporcle Settings to finish the process.

Report this User

Report this user for behavior that violates our Community Guidelines.

Details: